LEADER 04126njm a2200901 a 4500
001 000161660
003 CZ BrMZK
005 20040326133303.0
008 010907s1996 xr f cze d
028 0 1 |a 3261-2911  |b Supraphon 
040 |a BOA001  |b cze 
080 |a 782.1(086.7)  |2 MRF 
080 |a 792.54(086.7)  |2 MRF 
245 0 0 |a Růže od Casanovy :  |b nejslavnější milostné melodie  |h [zvukový záznam] 
246 3 3 |a Zamilovaní 
246 3 3 |a Šampaňská 
246 3 3 |a Barcarola 
246 3 3 |a Jen jediná mne ženy krásná tvář 
246 3 3 |a Když Zdeněk můj 
246 3 3 |a Koncert pro kytaru, smyčce a basso continuo h moll. BWV 1056-Largo 
246 3 3 |a Láska kvete v každém věku 
246 3 3 |a Melancholická serenáda 
246 3 3 |a Nocturno Es dur, Op. 9, č. 2 
246 3 3 |a Píseň beze slov, op. 62-Jarní píseň 
246 3 3 |a Píseň lásky, op. 7, č. 1 
246 3 3 |a Píseň o Večernici 
246 3 3 |a Sen lásky As dur Op. 62 č. 3 
246 3 3 |a Smyčcový kvartet D dur, op. 11, č. 1-Andante cantabile 
246 3 3 |a Snění 
246 3 3 |a Sonáta pro klavír č. 8 c moll, op. 13 "Patetická" - Adagio cantabile 
260 |a Praha :  |b Supraphon Records,  |c p1996 
300 |a 1 CD :  |b AAD, stereo ;  |c 12 cm +  |e 1 složený list. 
306 |a 011421 
500 |a Nahr. neuv. 
500 |a Durata 74:21 
505 2 |a Sen lásky As dur, Op. 62, č. 3, Láska kvete v každém věku, Nocturno Es dur, Op. 9, č. 2 ... [et al.] 
511 0 |a Valentina Kameníková, klavír; Ivan Moravec, klavír; Pavel Štěpán, klavír ... [et al.] 
653 0 |a housle  |a klavír  |a operetní árie  |a operní árie  |a smyčcové kvartety 
700 1 |a Čajkovskij, Petr Il‘jič,  |d 1840-1893  |7 jn19981002507  |4 cmp 
700 1 |a Bach, Johann Sebastian,  |d 1685-1750  |7 jn19990000367  |4 cmp 
700 1 |a Beethoven, Ludwig van,  |d 1770-1827  |7 jn19990000607  |4 cmp 
700 1 |a Brabec, Lubomír,  |d 1953-  |7 jn19990209071  |4 prf 
700 1 |a Brázda, Dalibor,  |d 1921-2005  |7 ola200202392  |4 prf 
700 1 |a Chalabala, Zdeněk,  |d 1899-1962  |7 jn19990209283  |4 prf 
700 1 |a Chopin, Fryderyk,  |d 1810-1849  |7 jn19992000131  |4 cmp 
700 1 |a Haken, Eduard,  |d 1910-1996  |7 jn19981001385  |4 prf 
700 1 |a Kameníková, Valentina,  |d 1930-1989  |7 jn20000401296  |4 prf 
700 1 |a Krombholc, Jaroslav,  |d 1918-1983  |7 jk01063408  |4 prf 
700 1 |a Liszt, Ferenc,  |d 1811-1886  |7 jn19981001756  |4 cmp 
700 1 |a Mendelssohn-Bartholdy, Felix,  |d 1809-1847  |7 jn19990005595  |4 cmp 
700 1 |a Moravec, Ivan,  |d 1930-2015  |7 jn19990009937  |4 prf 
700 1 |a Mozart, Wolfgang Amadeus,  |d 1756-1791  |7 jn19990005867  |4 cmp 
700 1 |a Novák, Vítězslav,  |d 1870-1949  |7 jk01090543  |4 cmp 
700 1 |a Offenbach, Jacques,  |d 1819-1880  |7 jn19990006230  |4 cmp 
700 1 |a Přibyl, Vilém,  |d 1925-1990  |7 jz8600852  |4 prf 
700 1 |a Ruml, Ivan,  |d 1951-  |7 xx0008048  |4 wam 
700 1 |a Schumann, Robert,  |d 1810-1856  |7 jn19990007863  |4 cmp 
700 1 |a Smetana, Bedřich,  |d 1824-1884  |7 jk01120043  |4 cmp 
700 1 |a Smetáček, Václav,  |d 1906-1986  |7 jk01120036  |4 prf 
700 1 |a Suk, Josef,  |d 1874-1935  |7 jn19990009999  |4 cmp 
700 1 |a Suk, Josef,  |d 1929-2011  |7 jo20000076838  |4 prf 
700 1 |a Tichý, Jan Hus,  |d 1921-2000  |7 jk01132420  |4 prf 
700 1 |a Tuček, René,  |d 1936-2017  |7 ola200201598  |4 prf 
700 1 |a Vajnar, František,  |d 1930-2012  |7 jn19990209955  |4 prf 
700 1 |a Wagner, Richard,  |d 1813-1883  |7 jn19981002383  |4 cmp 
700 1 |a Zítek, Václav,  |d 1932-2011  |7 jn19990210846  |4 prf 
700 1 |a Štěpán, Pavel,  |d 1925-1998  |7 jk01131263  |4 prf 
710 2 |a Virtuosi Pragenses  |7 kn20030307025  |4 prf 
710 2 |a Česká filharmonie  |7 kn20010710169  |4 prf 
710 2 |a Kvarteto města Prahy  |7 ko2004245948 
710 2 |a Orchestr Dalibora Brázdy  |7 ko2004245947  |4 prf 
710 2 |a Národní divadlo v Praze.  |b Orchestr  |7 ko2003171957 
710 2 |a Symfonický orchestr hl. m. Prahy FOK  |7 kn20010710320 
910 |a BOA001  |b CD-0004.434 
964 |a Opery  |x árie  |x CD 
964 |a Klavír  |x CD 
990 |a AV 
996 6 |b 261H004498  |c CD-0004.434  |l MZK  |r Sklad / do 24 hodin  |n 0  |p p.v.  |w 000161660  |u 000010  |a 1  |e BOA001  |j MZK50  |s P